Cách dùng cụm động từ trong tiếng Anh

Zapisane w:
Opis bibliograficzny
1. autor: Flower, John
Format: Książka
Język:Undetermined
Wydane: Hà Nội Thanh Niên 2004
Hasła przedmiotowe:
Etykiety: Dodaj etykietę
Nie ma etykietki, Dołącz pierwszą etykiete!
Thư viện lưu trữ: Trung tâm Học liệu Trường Đại học Cần Thơ
LEADER 00551nam a2200193Ia 4500
001 CTU_93573
008 210402s9999 xx 000 0 und d
020 |c 24000 
082 |a 425 
082 |b F644 
100 |a Flower, John 
245 0 |a Cách dùng cụm động từ trong tiếng Anh 
245 0 |c John Flower, Nguyễn Văn Công dịch 
260 |a Hà Nội 
260 |b Thanh Niên 
260 |c 2004 
650 |a English language-Verb 
904 |i Nguyên 
980 |a Trung tâm Học liệu Trường Đại học Cần Thơ